000 00636cab a2200193 4500
001 L136476
008 070202n2007 000 0 eng u
035 _a(Sirsi) u136476
041 0 _aeng
100 1 _aDonnell, Richard
245 0 0 _aShifting sands
260 _c2007
490 0 0 _aInside Housing
_v26 January 2007, 24-25(2)
520 _aExplains the transformation in development across England as changing patterns of land ownership and a move towards big mixed-use schemes take effect.
590 _aKA
651 4 _aEngland
_y886-
690 _aPROPERTY-RESIDENTIAL PROPERTY-RESIDENTIAL PROPERTY DEVELOPMENT
942 _n0
999 _c78306
_d78306